Historia de dos demandas: Perú y Bolivia contra Chile
Salvato in:
| Autore principale: | |
|---|---|
| Natura: | Libro |
| Lingua: | spagnolo |
| Pubblicazione: |
Santiago, Chile
El Mercurio
2014
Santiago, Chile Aguilar 2014 |
| Soggetti: | |
| Tags: |
Aggiungi Tag
Nessun Tag, puoi essere il primo ad aggiungerne!!
|
MARC
| LEADER | 00000cam a2200000 a 4500 | ||
|---|---|---|---|
| 001 | UCE3865 | ||
| 003 | CL-VaPUC | ||
| 005 | 20250304142254.0 | ||
| 008 | 140925e20140000cl |||||||||||||||||spa|d | ||
| 999 | |c 356993 |d 356991 | ||
| 020 | |a 9789563477160 | ||
| 040 | |c Pontificia Universidad Católica de Valparaíso | ||
| 082 | 0 | 4 | |a 327.83085 ROD 2014 |2 21 |
| 100 | |a Rodríguez Elizondo, José |e autor |9 331463 | ||
| 245 | 1 | 0 | |a Historia de dos demandas: |b Perú y Bolivia contra Chile |
| 260 | |a Santiago, Chile |b El Mercurio |c 2014 | ||
| 260 | |a Santiago, Chile |b Aguilar |c 2014 | ||
| 300 | |a 249 páginas | ||
| 583 | |a last modification |c 20140925 17:45:00 |k Rodrigo Vera | ||
| 650 | 0 | |a Relaciones bilaterales |z CHILE |z PERU |z BOLIVIA |9 406884 | |
| 650 | 7 | |a TRATADOS LIMITROFES |2 CL-VaPUC |9 447721 |z CHILE |z PERU |z BOLIVIA | |
| 650 | 0 | |a Diplomacia |z CHILE |z PERU |z BOLIVIA |9 256483 | |
| 852 | |a BIBCUR | ||
| 942 | |c BK |2 ddc | ||
| 945 | |d 20140925 17:45:00 |a arojas | ||
| 952 | |0 0 |1 0 |2 ddc |3 erb |4 0 |6 327_830850000000000_ROD_2014_2014 |7 0 |8 A |9 464790 |a BIBHIS |b BIBHIS |i 511649K |o 327.83085 ROD 2014 2014 |p 511649K |r 2025-01-20 |t 1 |w 2019-11-23 |y BK |z Catalogado en:20140925 |k HIS | ||
| 952 | |0 0 |1 0 |2 ddc |3 erb |4 0 |6 327_830850000000000_ROD_2014_2014 |7 0 |8 A |9 464791 |a BIBHIS |b BIBHIS |i 5285364 |o 327.83085 ROD 2014 2014 |p 5285364 |r 2025-01-20 |t 2 |w 2019-11-23 |y BK |z Catalogado en:20160512 |k HIS | ||